Statistics for Iowa General Knowledge

Click here to take the quiz!

General Stats

  • This quiz has been taken 43 times
  • The average score is 9 of 15

Answer Stats

HintAnswer% Correct
Capital and largest city in IowaDes Moines
100%
Large city on Illinois-Iowa border, ¨Quad Cities¨Davenport
92%
City and location of University of IowaIowa City
87%
Second largest city in Iowa, known for its cultureCedar Rapids
85%
Nickname: _______ StateHawkeye
82%
31st U.S. president born in West BranchHerbert Hoover
79%
Famous western movie actor born in WintersetJohn Wayne
74%
Large city in Black Hawk CountyWaterloo
64%
City in northwest Iowa, known for its artSioux City
59%
Seven villages on 26,000 acres located in Iowa Amana Colonies
51%
Financial investment company HQed in Des MoinesPrincipal
31%
State park with a 500-foot bluff overlooking the riverPikes Peak
15%
Historic national monument on the state quarterEffigy Mounds
13%
Well known religious shrine located in West BendGrotto of the Redemption
10%
State park and tributary of the Des Moines RiverLedges
10%

Score Distribution

Percentile by Number Answered

Percent of People with Each Score

Your Score History

You have not taken this quiz